Normal view
MARC view
Entry Personal Name
001 - CONTROL NUMBER
- control field: 7119
003 - CONTROL NUMBER IDENTIFIER
- control field: OSt
005 - DATE AND TIME OF LATEST TRANSACTION
- control field: 20211028144004.0
008 - FIXED-LENGTH DATA ELEMENTS
- fixed length control field: 211028|| aca||aabn | a|a d
040 ## - CATALOGING SOURCE
- Original cataloging agency: OSt
- Transcribing agency: OSt
100 ## - HEADING--PERSONAL NAME
- Personal name: Tellis, Ajay Prajwal; Mascarenhas S J, Oswald A J.
- Miscellaneous information: 1216002
670 ## - SOURCE DATA FOUND
- Source citation: Work cat.: (OSt): Tellis, Ajay Prajwal; Mascarenhas S J, Oswald A J. 1216002, Study on the attitude of customer towards the after sales service provided by mandovi motors private limited Mangalore., 2014